| 000 | 00423nam a22001577a 4500 | ||
|---|---|---|---|
| 003 | SISC | ||
| 005 | 20160331142326.0 | ||
| 008 | 130829t xxu||||| |||| 00| 0 eng d | ||
| 050 |
_aLB 1576 _b.C951 [ca.1990] |
||
| 082 |
_aHS 793.73 _bC88 19 |
||
| 245 | _aCrossword puzzles. | ||
| 260 |
_aBridlington,U.K : _bPeter Haddock, Ltd. _c[ca.1990] |
||
| 300 |
_a288 p. : _bill. ; _c21 cm. |
||
| 942 |
_2lcc _cBK |
||
| 999 |
_c9835 _d9835 |
||